Apelación de determinaciones de oficio y multas (Registro nro. 15786)

Detalles MARC
000 -LEADER
fixed length control field 00360 a2200121 4500
001 - CONTROL NUMBER
control field ART_33827
005 - DATE AND TIME OF LATEST TRANSACTION
control field 20260410161708.0
008 - FIXED-LENGTH DATA ELEMENTS--GENERAL INFORMATION
fixed length control field 260409a
100 1# - MAIN ENTRY--PERSONAL NAME
Personal name Robiglio, Carolina L.
245 10 - TITLE STATEMENT
Title Apelación de determinaciones de oficio y multas
700 1# - ADDED ENTRY--PERSONAL NAME
Personal name Telias, Sara Diana
773 0# - HOST ITEM ENTRY
Title Revista Impuestos
Related parts - Nº 8 (abr. 2006)
Record control number REV639

No hay ítems disponibles.